000 00266nam a2200109Ia 4500
008 200302s9999 xx 000 0 und d
100 _aDr. M.A. Nayeem
245 _aThe Royal Palaces Of the Nizams
260 _bHyderabad Publishers
260 _c2009
300 _a398 P
999 _c4316
_d4316